| 000 | 01256nam a22002777a 4500 | ||
|---|---|---|---|
| 005 | 20080905121451.0 | ||
| 008 | 110608t xxu||||| |||| 00| 0 hin d | ||
| 010 | _aHIN-92934 | ||
| 020 |
_c150.00 _a9788188916177 |
||
| 035 | _aHN-65280 | ||
| 037 | _bDBAD / PUB | ||
| 040 |
_aDPL _bHN |
||
| 082 | _a507.6 | ||
| 100 |
_928442 _aशर्मा, कुलदीप |
||
| 245 |
_aविज्ञान प्रश्नोत्तरीः _cकुलदीप शर्मा _b1001 सवाल-जवाब / |
||
| 246 |
_aVigyan Prashnottari _bby Kuldeep Sharma |
||
| 260 |
_aदिल्ली _bहिमाचल बुक सैंटर _c2010 |
||
| 270 |
_a19, रामनगर एक्सटेंशन-2, निकट पुरानी अनारकली का गुरूद्वारा _bदिल्ली _e110051 |
||
| 300 |
_a120पृ _c22सेमी (सजिल्द) |
||
| 650 | _928443 | ||
| 650 | _928455 | ||
| 700 | _928521 | ||
| 700 | _928536 | ||
| 942 |
_adpl _cHN _2ddc _mशर्माकु _h507.6 |
||
| 999 |
_c52934 _d52934 |
||